[Event "DEN-ch Rapid op"]
[Site "Avedore"]
[Date "2023.05.13"]
[Round "4"]
[White "Fedder, Steen"]
[Black "Mejlvang, Jens Peter"]
[Result "1-0"]
[WhiteElo "2380"]
[BlackElo "1970"]
[PlyCount "143"]
[EventDate "2023.05.13"]
[EventType "swiss (rapid)"]
[EventRounds "7"]
[EventCountry "DEN"]
[SourceTitle "CBM 214 Extra"]
[Source "ChessBase"]
[SourceDate "2023.07.31"]
[SourceVersion "1"]
[SourceVersionDate "2023.07.31"]
[SourceQuality "1"]

1. d4 Nf6 2. c4 e6 3. g3 Bb4+ 4. Bd2 Bxd2+ 5. Qxd2 0-0 6. Bg2 d5 7. Nf3 Ne4 8. Qc2 Qe7 9. 0-0 c6 10. Nbd2 Nxd2 11. Nxd2 f5 12. Nf3 Nd7 13. Rab1 Qf6 14. b4 Nb6 15. Ne5 Nxc4 16. Nxc4 dxc4 17. Qxc4 Bd7 18. a4 Rac8 19. e3 g5 20. f4 h6 21. a5 Kg7 22. Qc5 a6 23. Rbe1 Rf7 24. Rf2 Be8 25. Bf1 Rd7 26. Bc4 Bf7 27. Qe5 Rcd8 28. Rc2 Qxe5 29. fxe5 Kf8 30. Rf1 Ke7 31. Rcf2 Bg6 32. Bd3 h5 33. h4 g4 34. Rc1 Rf8 35. Bf1 Bh7 36. Rb2 Ke8 37. Bg2 Ke7 38. Kf2 Rfd8 39. Ke2 Bg6 40. Kd2 Bh7 41. Kc3 Bg6 42. Kc4 Bh7 43. Kc5 Bg6 44. Kb6 Be8 45. Rf2 Bg6 46. b5 axb5 47. a6 bxa6 48. Bxc6 Rb8+ 49. Kxa6 Rc7 50. Rc5 b4 51. Rb2 Be8 52. Bxe8 Rxc5 53. dxc5 Kxe8 54. Ka5 b3 55. Ka4 Kd7 56. Rxb3 Ra8+ 57. Kb5 Kc7 58. Rd3 Ra1 59. Rd6 Rb1+ 60. Kc4 Rc1+ 61. Kd3 Rg1 62. Rxe6 Rxg3 63. Rf6 Rh3 64. e6 Rh1 65. Rf7+ Kd8 66. c6 Rc1 67. Rd7+ Ke8 68. c7 g3 69. Rd8+ Ke7 70. c8Q Rd1+ 71. Ke2 Rxd8 72. Qc7+ 1-0

[Event "Bornholms Sommer A2"]
[Site "Ronne"]
[Date "2011.07.10"]
[Round "4"]
[White "Mejlvang, Jens Peter"]
[Black "Fredericia, Louise Winther"]
[Result "0-1"]
[WhiteElo "1865"]
[BlackElo "2062"]
[PlyCount "46"]
[EventDate "2011.07.08"]
[EventType "tourn"]
[EventRounds "5"]
[EventCountry "DEN"]
[SourceTitle "EXT 2023"]
[Source "ChessBase"]
[SourceDate "2022.10.05"]
[SourceVersion "1"]
[SourceVersionDate "2022.10.05"]
[SourceQuality "1"]

1. e4 c5 2. Nc3 Nc6 3. Bb5 Nd4 4. Bc4 e6 5. Nge2 Ne7 6. 0-0 a6 7. d3 b5 8. Bb3 Nec6 9. f4 Bb7 10. f5 Be7 11. Ng3 Bg5 12. Qh5 Bxc1 13. fxe6 Be3+ 14. Kh1 0-0 15. exf7+ Kh8 16. Nd5 Bg5 17. Nf4 Ne5 18. Nh3 Bf6 19. Rxf6 gxf6 20. Rf1 c4 21. Rf5 Nxf5 22. Nxf5 cxb3 23. axb3 Rxf7 0-1

[Event "Baltic Sea Cup"]
[Site "Bornholm"]
[Date "2008.08.06"]
[Round "10"]
[White "Hansen, Martin"]
[Black "Mejlvang, Jens Peter"]
[Result "1/2-1/2"]
[WhiteElo "2128"]
[BlackElo "1845"]
[PlyCount "102"]
[EventDate "2008.07.29"]
[EventType "swiss"]
[EventRounds "10"]
[EventCountry "DEN"]
[SourceTitle "CBM 125 Extra"]
[Source "ChessBase"]
[SourceDate "2008.09.01"]
[SourceVersion "1"]
[SourceVersionDate "2008.09.01"]
[SourceQuality "1"]

1. e4 d5 2. exd5 Nf6 3. d4 Bg4 4. Be2 Bxe2 5. Nxe2 Nxd5 6. c4 Nb6 7. 0-0 e6 8. b3 Be7 9. Bb2 0-0 10. Nd2 N8d7 11. Qc2 c5 12. Ne4 Qc7 13. Qc3 cxd4 14. Nxd4 Nf6 15. Nb5 Qf4 16. Nxf6+ Bxf6 17. Qc2 Bxb2 18. Qxb2 Rfd8 19. Rad1 a6 20. Nc3 Qg5 21. h3 Qe7 22. Qe2 Rxd1 23. Rxd1 Rd8 24. Rxd8+ Qxd8 25. Qe3 h6 26. Ne4 Nc8 27. Nc5 Nd6 28. Qe5 Kh7 29. Nxb7 Nxb7 30. Qe4+ f5 31. Qxb7 Qd1+ 32. Kh2 Qd6+ 33. g3 Qd2 34. Qf3 Qxa2 35. Kg2 Kg6 36. Qb7 Qe2 37. Qxa6 Qe4+ 38. Kh2 f4 39. gxf4 Qxf4+ 40. Kh1 Qc1+ 41. Kg2 Qg5+ 42. Kf3 Qf5+ 43. Kg3 Qg5+ 44. Kh2 Qf4+ 45. Kg1 Qc1+ 46. Kg2 Qg5+ 47. Kf1 Qc1+ 48. Ke2 Qc2+ 49. Ke1 Qc1+ 50. Ke2 Qc2+ 51. Ke1 Qc1+ 1/2-1/2

[Event "Baltic Sea Cup"]
[Site "Bornholm"]
[Date "2008.08.05"]
[Round "9"]
[White "Mejlvang, Jens Peter"]
[Black "Welz, Peter"]
[Result "0-1"]
[WhiteElo "1845"]
[BlackElo "2169"]
[PlyCount "78"]
[EventDate "2008.07.29"]
[EventType "swiss"]
[EventRounds "10"]
[EventCountry "DEN"]
[SourceTitle "CBM 125 Extra"]
[Source "ChessBase"]
[SourceDate "2008.09.01"]
[SourceVersion "1"]
[SourceVersionDate "2008.09.01"]
[SourceQuality "1"]

1. e4 e6 2. d4 d5 3. Nc3 Bb4 4. exd5 Qxd5 5. Nf3 Nf6 6. Bd3 b6 7. 0-0 Bxc3 8. bxc3 Bb7 9. c4 Qh5 10. Be2 Qf5 11. Nh4 Qa5 12. Bf3 Qa6 13. Bf4 c6 14. Qe2 0-0 15. a4 Nbd7 16. Rfb1 c5 17. Bxb7 Qxb7 18. dxc5 Nxc5 19. a5 Qe4 20. Qxe4 Nfxe4 21. f3 Nc3 22. Re1 h6 23. g3 g5 24. Bd2 N3a4 25. Ng2 Rfd8 26. Bb4 bxa5 27. Bxa5 Rdc8 28. Ne3 Nb6 29. Reb1 Nbd7 30. f4 gxf4 31. gxf4 Kh7 32. f5 Rg8+ 33. Kf1 Rg5 34. fxe6 fxe6 35. Bc7 Ne4 36. Rb7 Rf8+ 37. Ke2 Rf2+ 38. Kd3 Ndc5+ 39. Kd4 Rd2# 0-1

[Event "Baltic Sea Cup"]
[Site "Bornholm"]
[Date "2008.07.31"]
[Round "4"]
[White "Mejlvang, Jens Peter"]
[Black "Jensen, Byrial"]
[Result "1-0"]
[WhiteElo "1845"]
[BlackElo "1656"]
[PlyCount "41"]
[EventDate "2008.07.29"]
[EventType "swiss"]
[EventRounds "10"]
[EventCountry "DEN"]
[SourceTitle "CBM 125 Extra"]
[Source "ChessBase"]
[SourceDate "2008.09.01"]
[SourceVersion "1"]
[SourceVersionDate "2008.09.01"]
[SourceQuality "1"]

1. e4 e5 2. Nf3 Nc6 3. d4 exd4 4. Bc4 Nf6 5. Ng5 d5 6. exd5 Na5 7. Qxd4 Nxc4 8. Qxc4 Qxd5 9. Qe2+ Be7 10. 0-0 Bf5 11. Re1 Qd7 12. Nc3 h6 13. Rd1 Qc6 14. Nf3 Bg4 15. Re1 Qd7 16. Bf4 c6 17. Rad1 Qe6 18. Qd3 Rd8 19. Rxe6 Rxd3 20. Rxe7+ Kxe7 21. Rxd3 1-0